Indiana High School Basketball: Top 50 Scorers - Statistics

General Stats
  • This quiz has been taken 23 times
  • The average score is 8 of 50
Answer Stats
# Player Points High School & Last Year Current Team % Correct
1 Damon Bailey 3,134 Bedford North Lawrence - 1990 Retired in 1999
63%
5 Romeo Langford 3,002 New Albany - 2018 San Antonio Spurs
58%
42 Steve Alford 2,116 New Castle - 1983 Nevada Wolf Pack - (Head Coach)
53%
4 Luke Brown 3,011 Blackford - 2021 Stetson Hatters
42%
20 Jalen Blackmon 2,269 Marion - 2021 Stetson Hatters
37%
15 James Blackmon Jr. 2,387 Marion - 2014 Free Agent
37%
10 Connor Essegian 2,526 Central Noble - 2022 Wisconsin Badgers
32%
30 Eric Gordon 2,178 North Central - 2007 Houston Rockets
32%
8 Eric Hunter 2,583 Tindley - 2018 Butler Bulldogs
32%
24 Johnell Davis 2,228 21st Century Gary - 2020 Florida Atlantic Owls
32%
33 Chris Thomas 2,156 Pike - 2001 Retired in 2012
26%
3 Deshaun Thomas 3,018 Bishop Luers - 2010 Bayern Munich - Germany
26%
T35 Rich Mount 2,139 Lebanon - 1989 Retired in 1993
26%
7 Rick Mount 2,595 Lebanon - 1966 Retired in 1975
26%
31 Braxton Barnhizer 2,167 Lafayette Jefferson - 2020 Trinity Christian Trolls
21%
16 Brooks Barnhizer 2,366 Lafayette Jefferson - 2021 Northwestern Wildcats
21%
50 Gus Etchison 2,076 Hamilton Heights - 2021 Western Michigan Broncos
21%
T35 Isaiah Thompson 2,139 Zionsville - 2019 Florida Gulf Coast Eagles
16%
26 Lincoln Hale 2,213 Linton-Stockton - 2021 St. Thomas (FL) Bobcats
16%
T37 Michael Lewis 2,138 Jasper - 1996 Ball State Cardinals - (Head Coach)
16%
14 Alan Henderson 2,419 Brebeuf Jesuit - 1991 Retired in 2007
11%
12 Billy Shepherd 2,465 Carmel - 1968 Retired in 1975
11%
6 Brody Boyd 2,632 Union (Dugger) - 2000 Retired
11%
11 Cooper Neese 2,496 Cloverdale - 2017 Indiana State Sycamores
11%
25 Dave Shepherd 2,226 Carmel - 1970 Retired
11%
29 Hayden Langkabel 2,186 Morristown - 2018 Marian University Knights
11%
2 Marion Pierce 3,019 Lewisville - 1961 Retired
11%
40 Shawn Kemp 2,134 Concord - 1988 Retired in 2003
11%
9 Trevon Bluiett 2,568 Park Tudor - 2014 Hamburg Towers - Germany
11%
18 Delray Brooks 2,324 Rogers - 1984 Clay High School Colonials - (Head Coach)
5%
13 Jalen Moore 2,440 Cloverdale - 2018 Oakland Golden Grizzlies
5%
22 Mekhi Lairy 2,237 Benjamin Bosse - 2018 Miami (OH) Redhawks
5%
17 Mike Edwards 2,343 Greenfield - 1969 Retired in 1973
5%
27 Seth Colclasure 2,207 Bellmont - 2002 Retired in 2006
5%
21 Anthony Winchester 2,256 Austin - 2002 Southern Miss Golden Eagles - (Assistant Coach)
0%
19 Brady Adkins 2,319 Morristown - 1992 Retired
0%
34 Charlie McKenzie 2,145 Claypool / Warsaw - 1967 Retired
0%
32 Charlie Yoder 2,163 Westview - 2020 Incarnate Word Cardinals
0%
43 Cole Wireman 2,112 Kouts - 2021 Retired in 2021
0%
46 Dan Palombizio 2,092 Rogers - 1981 Retired
0%
47 Daryl Warren 2,083 Linden - 1971 Retired
0%
41 Doug Linville 2,120 New Salem - 1965 Retired
0%
28 Grayson Flittner 2,198 Tri-Central - 2006 Retired in 2010
0%
T48 Josiah Ricketts 2,078 North Posey - 2020 Hanover College Panthers
0%
T37 Kenny Rowan 2,138 Northview - 1989 Retired in 1992
0%
39 Kyle Macy 2,137 Peru - 1975 Retired in 1990
0%
T48 Lloyd Bateman 2,078 Plainville - 1958 Died in 2014
0%
23 Logan Irwin 2,230 Whitko - 2012 Retired
0%
45 Mike Crawford 2,104 Tipton - 2013 Retired in 2017
0%
44 Shane Power 2,110 Andrean - 2000 Retired in 2006
0%
No matching quizzes found
Score Distribution
Percent of People with Each Score
Percentile by Number Answered
Your Score History
You have not taken this quiz